Statistics for Northernmost Settlements With Over 100,000 People

Click here to take the quiz!

General Stats

  • This quiz has been taken 22 times
  • The average score is 6 of 20

Answer Stats

LatitudePopulationCountrySettlement% Correct
68°58′N270,384RussiaMurmansk
89%
61°13′N287,145United StatesAnchorage
84%
64°08′N139,875IcelandReykjavik
74%
63°25′N212,660NorwayTrondheim
68%
65°00′N212,127FinlandOulu
63%
61°29′N252,872FinlandTampere
53%
64°32′N301,199RussiaArkhangelsk
47%
62°02′N355,443RussiaYakutsk
37%
63°49′N132,235SwedenUmeå
16%
62°14′N145,962FinlandJyväskylä
11%
62°53′N122,615FinlandKuopio
11%
61°16′N396,443RussiaSurgut
11%
60°59′N120,211FinlandLahti
5%
61°05′N124,732RussiaNefteyugansk
0%
69°20′N174,453RussiaNorlisk
0%
66°04N107,251RussiaNovy Urengoy
0%
63°12′N100,188RussiaNoyabrsk
0%
61°47′N234,897RussiaPetrozavodsk
0%
64°34′N157,213RussiaSeverodvinsk
0%
61°40′N220,580RussiaSyktyvkar
0%

Score Distribution

Percentile by Number Answered

Percent of People with Each Score

Your Score History

You have not taken this quiz